000
00319nam a2200109Ia 4500
008
200302s9999 xx 000 0 und d
100
_a
P. Dayaratnam P. Sarah
245
_a
Limit state design of reinforced concrete structures 2nd ed.
260
_b
Medtech Scientific Publishing Pvt. Ltd.
260
_c
2018
300
_a
540
999
_c
7053
_d
7053